ICAO Annexes - Statistics

General Stats
  • This quiz has been taken 21 times
  • The average score is 10 of 19
Answer Stats
Number Subject % Correct
Annex 2 Rules of the Air
85%
Annex 1 Personnel Licensing
77%
Annex 17 Security: Safeguarding International Civil Aviation Organization Against Acts of Unlawful Interference
77%
Annex 18 The Safe Transport of Dangerous Goods by Air
77%
Annex 13 Aircraft Accident and Incident Investigation
69%
Annex 9 Facilitation
62%
Annex 11 Air Traffic Services
54%
Annex 8 Airworthiness of Aircraft
54%
Annex 19 Safety Management
54%
Annex 14 Aerodromes
46%
Annex 6 Operation of Aircraft
46%
Annex 4 Aeronautical Charts
38%
Annex 15 Aeronautical Information Services
38%
Annex 16 Environmental Protection
38%
Annex 3 Meteorological Service for International Air Navigation
38%
Annex 12 Search and Rescue
38%
Annex 5 Units of Measurement to be Used in Air and Ground Operations
38%
Annex 10 Aircraft Telecommunications
31%
Annex 7 Aircraft Nationality and Registration Marks
15%
No matching quizzes found
Score Distribution
Percent of People with Each Score
Percentile by Number Answered
Your Score History
You have not taken this quiz